[Event "GER-ch53 V11 email"]
[Site "GER email"]
[Date "2021.04.21"]
[Round "?"]
[White "Steiger, Walter"]
[Black "Mueller, Achim"]
[Result "1/2-1/2"]
[WhiteElo "2143"]
[BlackElo "2102"]
[PlyCount "68"]
[EventDate "2021.04.21"]
[EventType "tourn (corr)"]
[EventRounds "10"]
[EventCountry "GER"]
[SourceTitle "Corr 2024"]
[Source "ChessBase"]
[SourceDate "2023.10.19"]
[SourceVersion "1"]
[SourceVersionDate "2023.10.19"]
[SourceQuality "1"]

1. d4 d5 2. c4 c6 3. Nf3 Nf6 4. Nc3 e6 5. Bg5 h6 6. Bh4 dxc4 7. e4 g5 8. Bg3 b5 9. h4 g4 10. Ne5 Bb7 11. Nxg4 Nxg4 12. Qxg4 Qxd4 13. Rd1 Qf6 14. a4 h5 15. Qe2 Nd7 16. Qd2 0-0-0 17. axb5 Bb4 18. bxc6 Bxc6 19. Qd4 Qxd4 20. Rxd4 Nb6 21. Be5 Rxd4 22. Bxd4 Rd8 23. Bf6 Rg8 24. f3 a5 25. Kd2 Kb7 26. Bg5 Kc7 27. Kc2 Bd6 28. g4 hxg4 29. fxg4 Be5 30. Rg1 Rb8 31. Bc1 a4 32. Bd2 Ra8 33. Be2 a3 34. Ra1 axb2 1/2-1/2

[Event "Oberliga Ost-B 1819"]
[Site "Germany"]
[Date "2019.04.06"]
[Round "10.7"]
[White "Mueller, Achim"]
[Black "Heinke, Jasper"]
[Result "0-1"]
[WhiteElo "2119"]
[BlackElo "2001"]
[PlyCount "56"]
[EventDate "2018.10.21"]
[EventType "team-tourn"]
[EventRounds "11"]
[EventCountry "GER"]
[SourceTitle "EXT 2020"]
[Source "ChessBase"]
[SourceDate "2019.10.17"]
[SourceVersion "1"]
[SourceVersionDate "2019.10.17"]
[SourceQuality "1"]
[WhiteTeam "Schoeneck"]
[BlackTeam "Erfurt Empor"]
[WhiteTeamCountry "GER"]
[BlackTeamCountry "GER"]

1. e4 e6 2. d3 d5 3. Nd2 Nf6 4. g3 c5 5. Bg2 Nc6 6. Ngf3 Be7 7. 0-0 0-0 8. e5 Nd7 9. Re1 b5 10. c4 bxc4 11. dxc4 Nb6 12. b3 a5 13. Rb1 a4 14. bxa4 Nxa4 15. Qb3 Bd7 16. a3 Na5 17. Qc2 Bc6 18. h4 d4 19. Qd3 Nc3 20. Ra1 Qb6 21. Ng5 Bxg5 22. hxg5 Qb7 23. Be4 Bxe4 24. Nxe4 Nxe4 25. Rxe4 Qb3 26. Qe2 Qxc4 27. Qh5 Qc2 28. Qf3 Nb3 0-1

[Event "Oberliga Ost-B 1718"]
[Site "Germany"]
[Date "2017.11.12"]
[Round "3.8"]
[White "Mueller, Achim"]
[Black "Wolf, Philipp"]
[Result "0-1"]
[WhiteElo "2137"]
[BlackElo "1832"]
[PlyCount "96"]
[EventDate "2017.10.22"]
[EventType "team-tourn"]
[EventRounds "11"]
[EventCountry "GER"]
[SourceTitle "EXT 2019"]
[Source "ChessBase"]
[SourceDate "2018.10.10"]
[SourceVersion "1"]
[SourceVersionDate "2018.10.10"]
[SourceQuality "1"]
[WhiteTeam "Schoeneck"]
[BlackTeam "Stadtilm Blau Weiss"]
[WhiteTeamCountry "GER"]
[BlackTeamCountry "GER"]

1. e4 c5 2. Nf3 e6 3. d3 Nc6 4. g3 Nf6 5. Bg2 Be7 6. 0-0 d5 7. e5 Nd7 8. Re1 0-0 9. Nbd2 Qc7 10. Qe2 b6 11. c3 Ba6 12. Nf1 Rac8 13. h4 Rfd8 14. Bf4 d4 15. c4 Nf8 16. h5 h6 17. N1h2 Nh7 18. Ng4 Bf8 19. Nd2 Ne7 20. Nf6+ Kh8 21. Be4 gxf6 22. exf6 Qd7 23. fxe7 Qxe7 24. Qf3 Bg7 25. Qh1 e5 26. Bd5 Qc7 27. Bxf7 Qxf7 28. Bxe5 Bxe5 29. Rxe5 Bb7 30. Ne4 Rf8 31. f4 Rcd8 32. Re1 Rg8 33. Qh4 Bxe4 34. R1xe4 Rde8 35. Kf2 Rxe5 36. Rxe5 Re8 37. Re4 Rxe4 38. dxe4 Qf6 39. Qg4 Qf7 40. Qg6 Qf8 41. e5 Qg7 42. g4 Qxg6 43. hxg6 Nf8 44. f5 Nd7 45. e6 Nf6 46. e7 Nxg4+ 47. Kf3 Nf6 48. Kf4 Kg7 0-1

[Event "NRW Class1 1516"]
[Site "Germany"]
[Date "2016.04.03"]
[Round "8.4"]
[White "Mueller, Achim"]
[Black "Sirringhaus, Wilfried"]
[Result "0-1"]
[WhiteElo "2077"]
[BlackElo "2054"]
[PlyCount "106"]
[EventDate "2015.09.27"]
[EventType "team-tourn"]
[EventRounds "9"]
[EventCountry "GER"]
[SourceTitle "EXT 2017"]
[Source "ChessBase"]
[SourceDate "2016.10.25"]
[SourceVersion "1"]
[SourceVersionDate "2016.10.25"]
[SourceQuality "1"]
[WhiteTeam "Emsdetten Rochade"]
[BlackTeam "Duisburg"]
[WhiteTeamCountry "GER"]
[BlackTeamCountry "GER"]

1. e4 e5 2. Nf3 Nc6 3. d4 exd4 4. Bc4 Nf6 5. e5 d5 6. Bb5 Ne4 7. Nxd4 Bc5 8. Be3 Bd7 9. Bxc6 bxc6 10. 0-0 0-0 11. f3 Ng5 12. f4 Ne4 13. Nd2 Qe7 14. Nxe4 dxe4 15. Qe1 f6 16. Nb3 Bxe3+ 17. Qxe3 fxe5 18. Qxe4 Rae8 19. Rae1 Qh4 20. Nc5 exf4 21. Qc4+ Rf7 22. g3 Qd8 23. Rd1 Ree7 24. Rxf4 Qe8 25. Rdf1 Bh3 26. Rxf7 Rxf7 27. Qxf7+ Qxf7 28. Rxf7 Kxf7 29. Kf2 Bf5 30. c3 Kf6 31. Ke3 Bc8 32. Kf4 g5+ 33. Ke4 Bh3 34. Nb3 Be6 35. Nd4 Bd5+ 36. Ke3 a6 37. a3 c5 38. Nc2 Kf5 39. Ne1 Kg4 40. Kf2 Kh3 41. Nd3 Kxh2 42. Nxc5 h5 43. Nd3 Be4 44. Ne5 g4 45. b4 Bf5 46. c4 h4 47. Nxg4+ Bxg4 48. gxh4 Be6 49. c5 Bf7 50. Kf3 Kh3 51. Kf4 Kxh4 52. Ke5 Kg5 53. c6 Bb3 0-1

[Event "NRW Class1 1516"]
[Site "Germany"]
[Date "2015.12.20"]
[Round "4.4"]
[White "Mueller, Achim"]
[Black "Nagel, Bernhard"]
[Result "1-0"]
[WhiteElo "2077"]
[BlackElo "2224"]
[PlyCount "95"]
[EventDate "2015.09.27"]
[EventType "team-tourn"]
[EventRounds "9"]
[EventCountry "GER"]
[SourceTitle "EXT 2017"]
[Source "ChessBase"]
[SourceDate "2016.10.25"]
[SourceVersion "1"]
[SourceVersionDate "2016.10.25"]
[SourceQuality "1"]
[WhiteTeam "Emsdetten Rochade"]
[BlackTeam "Koeln Lasker"]
[WhiteTeamCountry "GER"]
[BlackTeamCountry "GER"]

1. e4 c5 2. Nf3 e6 3. d4 cxd4 4. c3 Nf6 5. e5 Nd5 6. cxd4 d6 7. Bc4 Be7 8. 0-0 0-0 9. Nc3 Nxc3 10. bxc3 dxe5 11. Nxe5 Nc6 12. Nxc6 bxc6 13. Qf3 Qc7 14. Bf4 Bd6 15. Bxd6 Qxd6 16. Rab1 Rd8 17. Rb3 Bd7 18. Qg3 Qxg3 19. hxg3 Rdb8 20. Rfb1 Rxb3 21. axb3 Rc8 22. Ra1 Rc7 23. Ra5 Kf8 24. f4 Ke7 25. Kf2 f6 26. Ke3 Be8 27. Be2 Bg6 28. Bd1 Kd6 29. b4 Rb7 30. Ra6 Be8 31. Ba4 Kc7 32. f5 exf5 33. d5 Kd6 34. Kd4 Re7 35. dxc6 Rc7 36. c4 Bh5 37. c5+ Ke7 38. Ke3 Kd8 39. b5 Re7+ 40. Kd2 Re2+ 41. Kc3 Rxg2 42. Rxa7 Rxg3+ 43. Kb4 Bf3 44. b6 Rg4+ 45. Kb5 h5 46. Ra8+ Ke7 47. b7 Be2+ 48. Ka5 1-0

[Event "GER MS-230 email"]
[Site "GER email"]
[Date "2015.11.24"]
[Round "?"]
[White "Gierden, Horst"]
[Black "Mueller, Achim"]
[Result "1/2-1/2"]
[WhiteElo "2047"]
[BlackElo "2072"]
[PlyCount "76"]
[EventDate "2015.12.01"]
[EventType "tourn (corr)"]
[EventRounds "6"]
[EventCountry "GER"]
[SourceTitle "Corr 2020"]
[Source "ChessBase"]
[SourceDate "2019.09.30"]
[SourceVersion "1"]
[SourceVersionDate "2019.09.30"]
[SourceQuality "1"]

1. e4 g6 2. d4 Bg7 3. Nc3 c6 4. Nf3 d5 5. h3 Nh6 6. Bd3 f6 7. Qe2 Nf7 8. Be3 0-0 9. h4 Bg4 10. h5 g5 11. h6 Nxh6 12. exd5 cxd5 13. Nxd5 Nc6 14. 0-0-0 e6 15. Nc3 Nb4 16. Bc4 Nd5 17. Bd2 Rc8 18. Kb1 Nf7 19. Rde1 Bf5 20. Bb3 Qd7 21. Ka1 b6 22. a3 Rfd8 23. Ne4 Bg6 24. c4 Nc7 25. g4 Re8 26. Qd1 Rb8 27. Re3 Qc6 28. Qe2 b5 29. d5 Qa8 30. dxe6 Nxe6 31. Re1 bxc4 32. Bxc4 Kh8 33. Nc5 Nc7 34. Bb3 a6 35. Ne6 Qb7 36. Nc5 Qa8 37. Ne6 Qb7 38. Nc5 Qa8 1/2-1/2